| 000 | 00448nam a2200169Ia 4500 | ||
|---|---|---|---|
| 008 | 090122s9999 xx 000 0 und d | ||
| 082 |
_b3158 _a420.5 |
||
| 100 |
_aNational _bGeographical _cSociety |
||
| 245 | _aNatonal Geographic Mar - 00 | ||
| 260 | _bnational geographic soc. | ||
| 300 | _a136 | ||
| 600 | _aNational | ||
| 630 | _aNatonal Geographic Mar - 00 | ||
| 700 | _aNational | ||
| 730 | _aNatonal Geographic Mar - 00 | ||
| 942 | _cBOOK | ||
| 999 |
_c27236 _d27236 |
||